Aid and poverty reduction in Zambia: mission unaccomplished (Record no. 83864)
[ view plain ]
| 000 -LEADER | |
|---|---|
| fixed length control field | 00851nam a2200193 a 4500 |
| 008 - FIXED-LENGTH DATA ELEMENTS--GENERAL INFORMATION | |
| fixed length control field | 150420s2002 ||||||||||||||||| || u |
| 020 ## - INTERNATIONAL STANDARD BOOK NUMBER | |
| International Standard Book Number | 9789171064899 |
| 050 ## - LIBRARY OF CONGRESS CALL NUMBER | |
| Classification number | HC 79.P63 Saa |
| 100 ## - MAIN ENTRY--PERSONAL NAME | |
| Personal name | Saasa, Oliver |
| 245 10 - TITLE STATEMENT | |
| Title | Aid and poverty reduction in Zambia: mission unaccomplished |
| Statement of responsibility, etc. | By Oliver Saasa |
| 260 ## - PUBLICATION, DISTRIBUTION, ETC. | |
| Place of publication, distribution, etc. | Spain |
| Name of publisher, distributor, etc. | Grafilur Artes Graficas |
| Date of publication, distribution, etc. | 2002 |
| 300 ## - PHYSICAL DESCRIPTION | |
| Extent | 141p.: ill. |
| 350 ## - | |
| -- | 32.95 |
| 650 ## - SUBJECT ADDED ENTRY--TOPICAL TERM | |
| Topical term or geographic name entry element | POVERTY--GOVERNMENT POLICY--AFRICA |
| 650 ## - SUBJECT ADDED ENTRY--TOPICAL TERM | |
| Topical term or geographic name entry element | ECONOMIC ASSISTANCE--ZAMBIA |
| 650 ## - SUBJECT ADDED ENTRY--TOPICAL TERM | |
| Topical term or geographic name entry element | ECONOMIC ASSISTANCE--DEVELOPING COUNTRIES |
| 995 ## - | |
| -- | SPECIAL COLLECTIONS |
| -- | 745099 |
| -- | CBU-MAIN LIBRARY (Kitwe) |
| -- | 32.95 |
| -- | ZAM HC 79.P63 Saa |
| -- | 1 |
| -- | AVAILABLE |
| -- | May 7, 2015 |
| -- | 745099 |
| -- | Zambiana Collection |
| 995 ## - | |
| -- | SPECIAL COLLECTIONS |
| -- | 745100 |
| -- | CBU-MAIN LIBRARY (Kitwe) |
| -- | 32.95 |
| -- | ZAM HC 79.P63 Saa |
| -- | 2 |
| -- | AVAILABLE |
| -- | May 7, 2015 |
| -- | 745100 |
| -- | Zambiana Collection |
| 999 ## - | |
| -- | 83864 |
| -- | 83864 |
| Withdrawn status | Lost status | Source of classification or shelving scheme | Damaged status | Not for loan | Permanent Location | Current Location | Shelving location | Date acquired | Total Checkouts | Full call number | Barcode | Date last seen | Copy number | Price effective from | Koha item type |
|---|---|---|---|---|---|---|---|---|---|---|---|---|---|---|---|
| CBU-MAIN LIBRARY, KITWE. | CBU-MAIN LIBRARY, KITWE. | 01/08/2024 | ZAM HC 79.P63 Saa | 745099 | 01/08/2024 | 1 | 01/08/2024 | SPECIAL COLLECTION | |||||||
| CBU-MAIN LIBRARY, KITWE. | CBU-MAIN LIBRARY, KITWE. | 01/08/2024 | ZAM HC 79.P63 Saa | 745100 | 01/08/2024 | 2 | 01/08/2024 | SPECIAL COLLECTION |